Relatos

Salvato in:
Dettagli Bibliografici
Autore principale: Rosales, Mario
Natura: Libro
Lingua:Undetermined
Pubblicazione: [Costa Rica] [s.n.] [s.f.]
Soggetti:
Tags: Aggiungi Tag
Nessun Tag, puoi essere il primo ad aggiungerne!!

MARC

LEADER 00000nam a2200000Ia 4500
008 170316s9999 xx 000 0 und d
040 |a cru BVZT 
090 |a 868 R-10.1r 
100 |a Rosales, Mario 
245 |a Relatos 
260 |a [Costa Rica] 
260 |b [s.n.] 
260 |c [s.f.] 
300 |a 84 páginas 
650 |a LITERATURA COSTARRICENSE 
650 |a RELATOS 
999 |c 11481  |d 11481 
942 |c 15 D  |h 868 R-10.1r  |2 z